| 000 | 00958nas a22002417a 4500 | ||
|---|---|---|---|
| 007 | ta | ||
| 008 | 230061e20230615xxk||||o |||| 00| 0 eng d | ||
| 041 | _aeng | ||
| 100 | _aLemen, Jen | ||
| 110 |
_94900 _aRoyal Institution of Chartered Surveyors |
||
| 245 |
_aAn A–Z of client care for APC _c[electronic resource] |
||
| 260 |
_bRoyal Institution of Chartered Surveyors, _c29 May 2023 |
||
| 490 |
_aRICS Property Journal _v29 May 2023 |
||
| 520 | _aA thorough understanding of the client and its instruction as well as clear written records are fundamental to successfully achieving the mandatory Client care competency | ||
| 650 | _aClient care | ||
| 650 | _aConflicts of interest | ||
| 650 | _aMoney Laundering | ||
| 650 | _aAPC | ||
| 651 | _aInternational | ||
| 690 |
_96225 _aBuilding surveying |
||
| 700 | _aLemen, Jen | ||
| 856 |
_uhttps://ww3.rics.org/uk/en/journals/property-journal/client-care-apc-rics.html _zAvailable from RICS journals |
||
| 999 |
_c121540 _d121540 |
||